Antropología e identidades en Centroamérica. Parte 2: Cultura y desarrollo: el desafío /

Salvato in:
Dettagli Bibliografici
Autore principale: Murillo Chaverri, Carmen
Ente Autore: Universidad de Costa Rica. Facultad de Ciencias Sociales. Escuela de Antropología y Sociología. Departamento de Antropología. Laboratorio de Etnología
Altri autori: ed.
Natura: testo
Pubblicazione: San José: UCR
Tags: Aggiungi Tag
Nessun Tag, puoi essere il primo ad aggiungerne!!

MARC

LEADER 00000 a a2200000 04500
001 25864
003
040
090 |a 173508  
100 |a Murillo Chaverri, Carmen  
110 |a Universidad de Costa Rica. Facultad de Ciencias Sociales. Escuela de Antropología y Sociología. Departamento de Antropología. Laboratorio de Etnología  
245 |a Antropología e identidades en Centroamérica. Parte 2: Cultura y desarrollo: el desafío /  |c Carmen Murillo Chaverri 
260 |a San José:   |b UCR  
300 |a 280 p  
700 |a ed.  
999 |c 1611  |d 1611